Statistics for Alphabetical Anagrams - Canada Provinces and Territories Map Quiz

Click here to take the quiz!

General Stats

  • This quiz has been taken 153 times
    (130 since last reset)
  • The average score is 10 of 13

Answers on the Map

Answers color-coded by a green-red scale on the quiz's map according to % correct below.
 

Answer Stats

Answer% Correct
bceequ
85%
aabelrt
84%
aabimnot
81%
ainoort
81%
aaaabddddefllnnnnoorruw
77%
abbchiiilmorstu
77%
aaacehknsstw
76%
anntuuv
76%
knouy
72%
aacdddeeiilnnprrsw
71%
aacinoostv
70%
eeehiinoorrrrssttttw
68%
bceiknnrsuww
66%

Score Distribution

Percentile by Number Answered

Percent of People with Each Score

Your Score History

You have not taken this quiz since the last reset